| 000 | 00802cab a2200265 4500 | ||
|---|---|---|---|
| 001 | ABS45553 | ||
| 008 | 090401t1991 xxu||||| |||| 00| 0 eng d | ||
| 035 | _a(Sirsi) u53694 | ||
| 041 | _aeng | ||
| 100 | _aBaker, D. | ||
| 245 | _aDistribution property trends and influences | ||
| 260 | _c1991 | ||
| 350 | _a0 | ||
| 490 |
_aJournal of Property Valuation and Investment _v(10) Autumn 1991, 449-452(4) |
||
| 520 | _aPays particular attention to volume rents in this assessment of the distribution property market. | ||
| 650 | _aDISTRIBUTION CENTRES | ||
| 650 | _aHIGH BAY WAREHOUSES | ||
| 650 | _aJUST-IN-TIME MANAGEMENT | ||
| 650 | _aRENTAL VALUATION | ||
| 650 | _aVOLUME RENTS | ||
| 650 | _aWAREHOUSES | ||
| 690 | _aPROPERTY-COMMERCIAL PROPERTY | ||
| 942 | _n0 | ||
| 948 | _c04/03/1997 | ||
| 999 |
_c33041 _d33041 |
||